KOHA-Header-6

Foundations in Strategic Management (Record no. 8460)

000 -LEADER
fixed length control field 00264nam a2200109Ia 4500
100 ## - MAIN ENTRY--AUTHOR NAME
Personal name Harrison, John
245 #0 - TITLE STATEMENT
Title Foundations in Strategic Management
260 ## - PUBLICATION, DISTRIBUTION, ETC. (IMPRINT)
Place of publication USA
Name of publisher Addison
Year of publication 2002
300 ## - PHYSICAL DESCRIPTION
Number of Pages 452
942 ## - ADDED ENTRY ELEMENTS (KOHA)
Koha item type Books
Holdings
Withdrawn status Lost status Collection code Permanent Location Current Location Shelving location Date acquired Full call number Accession Number Koha item type
    Management MAJU MAJU   2019-09-14 658.4 3178 Management

Powered by Koha